Score 0/20 Timer 02:00
0 Plays Today
% Correct
Supergirl
100%
Wonder Woman
99%
Red Hood
99%
Harley Quinn
99%
Green Lantern
99%
Superman
99%
Dr. Doom
99%
Spider-Man
99%
Flash
99%
Batman
99%
% Correct
Power Girl
99%
Gambit
98.1%
Mr. Freeze
98.1%
Thanos
98.1%
Cable
97.1%
Captain Marvel
97.1%
Elektra
96.1%
Spiral
96.1%
Nightwing
96.1%
Robin (Tim Drake)
95.1%
Remove Ads.
Support Sporcle.
Get the best of Sporcle when you Go Orange. This ad-free experience offers more features, more stats, and more fun while also helping to support Sporcle. Thank you for becoming a member.

You're not logged in!

Compare scores with friends on all Sporcle quizzes.
OR
Log In

Sporcle TV

Today on Sporcle TV


Watch our educational content, quiz creation guides, and fun videos on Sporcle TV.

Show Comments

Extras

Top Quizzes Today


Score Distribution

Paid Content

Your Account Isn't Verified!

In order to create a playlist on Sporcle, you need to verify the email address you used during registration. Go to your Sporcle Settings to finish the process.

Report this User

Report this user for behavior that violates our Community Guidelines.

Details: